Putování do země stříbra a krve

Stručný historicko-ekonomický pohľad na Mexiko. História, obyvateľstvo a kultúrne pamiatky Mexika City. Acapulko ako koloniálne historické mesto.

Gespeichert in:
Bibliographische Detailangaben
1. Verfasser: Kučera, Jiří
Format: Buchkapitel
Sprache:Tschechisch
Schlagworte:
Tags: Tag hinzufügen
Keine Tags, Fügen Sie das erste Tag hinzu!

MARC

LEADER 00000naa a2200000 4500
001 r042182
005 20231004065615.3
041 0 |a cze 
044 |a CZ 
245 1 0 |a Putování do země stříbra a krve  |c Jiří Kučera 
520 |a Stručný historicko-ekonomický pohľad na Mexiko. História, obyvateľstvo a kultúrne pamiatky Mexika City. Acapulko ako koloniálne historické mesto. 
610 2 0 |a ruch cestovný 
610 2 0 |a Mexiko 
610 2 0 |a história 
610 2 0 |a pamiatky 
610 2 0 |a demografia 
610 2 0 |a podmienky prírodné 
610 2 0 |a podmienky sociálne 
100 1 |a Kučera, Jiří